| 000 | 00517cam a2200193 4500 | ||
|---|---|---|---|
| 001 | D8500 | ||
| 008 | 090401t1983 xxu||||| |||| 00| 0 eng d | ||
| 035 | _a(Sirsi) u13458 | ||
| 041 | _aeng | ||
| 050 | _a690.22 | ||
| 100 | _aSalisbury, A. | ||
| 245 | _aAvoidance of electrical hazards in construction | ||
| 260 |
_aAscot, Berks _bChartered Institute of Building _c1983 |
||
| 300 | _a8p. 30cm | ||
| 350 | _a0 | ||
| 490 |
_aTechnical Information Service _pSite Management _v30 |
||
| 942 | _n0 | ||
| 948 | _c04/03/1997 | ||
| 999 |
_c87098 _d87098 |
||